La criminología del siglo XXI en América Latina: Parte segunda (Registro nro. 4662)

Detalles MARC
000 -Cabecera
Campo de control de longitud fija 01002aam a2200373 4500
005 - Fecha y hora de la última transacción
Campo de control 20260213181935.0
008 - Elementos de longitud fija--Información general
Campo de control de longitud fija 150416b2002 xxu||||| |||| 00| 0 spa d
020 ## - International Standard Book Number
Número Internacional Estándar del Libro (ISBN) 9507273611
041 ## - Idioma
Código de idioma Español
082 ## - Clasificación Decimal Dewey
Número de clasificación 364 EL37c
100 ## - Entrada principal--Autor personal
Nombre personal Elbert, Carlos Alberto
9 (RLIN) 4747
100 ## - Entrada principal--Autor personal
Nombre personal Murillo, Susana
9 (RLIN) 33794
100 ## - Entrada principal--Autor personal
Nombre personal López González, Mirtha
100 ## - Entrada principal--Autor personal
Nombre personal Kalinsky, Mónica
245 ## - Título propiamente dicho
Título La criminología del siglo XXI en América Latina: Parte segunda
260 ## - Pie de imprenta
Lugar de publicación, distribución, etc. Argentina
260 ## - Pie de imprenta
Nombre del editor, distribuidor, etc. Rubinzal-Culzoni
260 ## - Pie de imprenta
Fecha de publicación, distribución, etc. 2002
300 ## - Descripción física
Extensión 291 páginas
490 ## - Serie
Título de la Serie Investigación Criminal
650 ## - Materia general
Temática (materia general) CRIMINOLOGÍA
650 ## - Materia general
Temática (materia general) DROGAS
650 ## - Materia general
Temática (materia general) SEGURIDAD PÚBLICA
650 ## - Materia general
Temática (materia general) PREVENCIÓN DEL DELITO
650 ## - Materia general
Temática (materia general) POLICÍA COMUNITARIA
650 ## - Materia general
Temática (materia general) DETENCIONES
650 ## - Materia general
Temática (materia general) ETNOGRAFÍA
650 ## - Materia general
Temática (materia general) PENAS
650 ## - Materia general
Temática (materia general) SISTEMAS PENITENCIARIOS
650 ## - Materia general
Temática (materia general) PERSONAS ENCARCELADAS
650 ## - Materia general
Temática (materia general) EDUCACIÓN
650 ## - Materia general
Temática (materia general) LIBERTAD ASISTIDA
942 ## - Punto de acceso adicional KOHA
Tipo de ítem KOHA Libro
Fuente del sistema de clasificación o colocación Dewey Decimal Classification
Existencias
Signatura completa Código de barras Programa Académico Tipo de ítem
364 EL37c 9064 Investigación Criminal Libro